000 00695nam a2200217 i 4500
001 188775
003 ES-MaACL
005 20230906223311.0
007 t|
008 190214s1972 sp ||||1| spa d
100 0 _aMauco, Georges.
_979180
245 1 4 _aEducación del carácter y de la afectividad del niño /
_cGeorges Mauco ; [versión... de Mercedes Lloret].
260 _aBarcelona :
_bNova Terra,
_c[1972]
300 _a324p. ;
_c20 cm.
490 1 _aColección "Navidad" ;
_v44
650 4 _aEmociones en niños.
_9166232
700 1 _aLloret, Mercedes.
_9166244
830 0 _aColección "Navidad" ;
_v44
_9181795
852 _aES-MaACL
_jP-474-Ter-42
999 _c188775
_d188775